Statistics for Capitals that include the name of it's country

Click here to take the quiz!

General Stats

  • This quiz has been taken 36 times
    (14 since last reset)
  • The average score is 9 of 12

Answer Stats

Answer % Correct
Mexico City
93%
Luxembourg
86%
Monaco
86%
Panama City
86%
San Marino
86%
Andorra la Vella
79%
Vatican City
79%
Djibouti
71%
Guatemala City
71%
Kuwait City
57%
Singapore
50%
( Guinea) Bissau
36%

Score Distribution

Percentile by Number Answered

Percent of People with Each Score

Your Score History

You have not taken this quiz since the last reset